000 01537nam a2200337 a 4500
005 2009072301321.0
008 081205s2009 nyua b 001 0 eng
010 _aENG-94529
020 _a0070142106
_c595.00
020 _a9780070142107
_c595.00
035 _aEN-78062
037 _bDBAD / PUB
040 _adpl
_bEnglish
082 _a005.3
100 _aDoolittle, Judi
245 _aPeopleSoft developer's guide for PeopleTools & PeopleCode /
_cby Judi Doolittle
246 _aPeopleSoft developer's guide for PeopleTools and PeopleCode
260 _aNew Delhi
_bTata McGraw-Hill Publishing
_c2009
270 _a7 West Patel Nagar,
_bNew Delhi
_e110008
300 _axxviii, 572 p. :
_bill. ;
_c25cm(pbk)
500 _a"Oracle Press."
504 _aIncludes bibliographical references and index
505 _aApplication environment -- PeopleTools -- PeopleSoft Internet architecture (PIA) -- PeopleTools basics -- PeopleSoft pages -- PeopleCode -- Advanced PeopleCode -- XML publisher -- PeopleSoft query -- Structured query reporting -- Application engine -- Tip
650 _aPeopleSoft software.
650 _aBusiness enterprises
_xComputer networks.
650 _aDatabase management.
650 _aComputer software
_xDevelopment.
650 _aManagement information systems.
942 _2ddc
_cEN
_h005.3
_mDOO
999 _c28592
_d28592